000 00271nam a22001217a 4500
008 181003b xxu||||| |||| 00| 0 eng d
041 _aeng
080 _a101
100 _a24
101 _aFIL
245 _aHume's Place in Moral Philosophy
_cCapaldi,N
942 _2udc
_cBK
999 _c48821
_d48821